| 000 | 01236 a2200265 4500 | ||
|---|---|---|---|
| 005 | 20180703152235.0 | ||
| 008 | 081117t xxu||||| |||| 00| 0 hin d | ||
| 010 | _aB-307373-377 HIN-109310 | ||
| 020 |
_c120.00 _a8185127697 |
||
| 035 | _aB-307373-377 HN-81656, B-307373 | ||
| 037 | _bवाणी प्रका. | ||
| 040 |
_aDBAD/PUB _bhn |
||
| 082 | _aक | ||
| 100 | _aशाह, रमेशचंद्र | ||
| 245 |
_aथिएटर / _cरमेशचंद्र शाह |
||
| 260 |
_aबीकानेर _bवाग्देवी प्रकाशन _c1998 |
||
| 260 |
_aनई दिल्ली _bवाणी प्रकाशन (वितरक) |
||
| 270 |
_aसुगन निवास, चन्दसागर _bबीकानेर _c(राज.) _e334001 |
||
| 270 |
_a21-ए दरियागंज _bनई दिल्ली |
||
| 300 |
_a135पृ _c22 सेमी (सजिल्द) |
||
| 650 | _aहिन्दी कहानियाँ | ||
| 650 | _aHindi Stories | ||
| 942 |
_adpl _cHN _kक / शाहर _2ddc _hक _mशहर |
||
| 999 |
_c12901 _d12901 |
||